[Event "Moscow-ch Men 2019"]
[Site "Moscow"]
[Date "2019.03.31"]
[Round "2.18"]
[White "Pak, Nikita"]
[Black "Yeletsky, Ivan"]
[Result "0-1"]
[WhiteElo "1916"]
[BlackElo "2409"]
[Annotator "TA"]
[PlyCount "54"]
[EventDate "2019.03.30"]
[EventType "swiss"]
[EventCountry "RUS"]
[SourceTitle "playchess.com"]
[Source "ChessBase"]
[SourceQuality "1"]

{[%evp 17,54,-7,-21,-19,-35,-35,-39,-31,-20,-59,-46,-44,-29,-61,-58,-58,-38,-54,-41,-91,-50,-95,-24,-72,-69,-104,-109,-97,-57,-106,-115,-110,-115,-121,-104,-608,-608,-604,-574]} 1. e4 c5 2. Nf3 d6 3. d4 cxd4 4. Nxd4 Nf6 5. Nc3 a6 6. Be2 Nbd7 7. Be3 e6 {[%cal Be7e6,Be6e5][%mdl 32]} 8. O-O Qc7 {B84: Sicilian Scheveningen: 6 Be2 a6, lines without early Be3} 9. f4 (9. a4 Nc5 10. Bf3 Be7 11. a5 Rb8 12. Qe2 O-O 13. Qc4 Nfd7 14. Bf4 b5 15. axb6 Nxb6 16. Qe2 {0-1 (24) Kravtsiv,M (2597)-Korobov,A (2702) Moscow 2013}) 9... b5 {LiveBook: 21 Games} 10. f5 e5 {The position is equal.} 11. Nb3 Bb7 12. Bf3 Rc8 13. Rc1 Be7 14. a3 Nb6 15. Bxb6 $146 ({Predecessor:} 15. Na5 Ba8 16. Qd3 O-O 17. Rfd1 Nbd7 18. Nb3 Nb6 19. Nd2 Rfd8 20. Nd5 Bxd5 21. exd5 Nc4 22. Nxc4 bxc4 23. Qc3 Qb7 {½-½ (23) Saunina,L (2288)-Sorokina,T (2165) Thessaloniki 2010}) 15... Qxb6+ 16. Kh1 h5 17. Qe2 h4 18. Qf2 Bd8 19. Rcd1 Rc6 (19... Qxf2 $17 20. Rxf2 Ke7) 20. Nd5 Nxd5 21. Rxd5 h3 22. c3 hxg2+ 23. Bxg2 Qxf2 24. Rxf2 Ke7 25. Rfd2 Rh4 26. Nc5 $2 {[%mdl 8192]} (26. R5d3 $17) 26... Rxc5 $19 27. Rxd6 {[#] Strongly threatening Rd7+.} Bc7 {Precision: White = 17%, Black = 68%.} 0-1

[Event "Moscow-ch Men 2019"]
[Site "Moscow"]
[Date "2019.03.31"]
[Round "2.19"]
[White "Zhukov, Anton"]
[Black "Yeritsyan, Aram"]
[Result "1/2-1/2"]
[WhiteElo "2099"]
[BlackElo "2301"]
[Annotator "TA"]
[PlyCount "134"]
[EventDate "2019.03.30"]
[EventType "swiss"]
[EventCountry "RUS"]
[SourceTitle "playchess.com"]
[Source "ChessBase"]
[SourceQuality "1"]

{[%evp 15,134,38,35,8,3,1,25,-7,-12,-8,-5,-40,-27,-22,15,24,24,24,24,24,24,24,24,24,24,24,24,24,24,24,24,24,24,24,24,24,24,24,24,17,44,-41,-41,-41,-27,-43,-44,-46,-41,-67,-67,-67,-64,-82,-29,-29,-20,-20,-18,-23,-20,-20,0,-8,0,0,0,0,0,0,0,0,0,0,0,0,0,0,0,0,0,0,0,0,0,0,0,0,0,0,0,0,0,0,0,0,0,0,0,0,0,0,0,0,0,0,0,0,0,0,0,0,0,0,0,0,0,0,0,0,0]} 1. d4 Nf6 2. c4 e6 3. Nf3 b6 4. g3 Ba6 5. b3 Bb7 6. Bg2 Bb4+ 7. Bd2 c5 8. O-O O-O 9. Qc2 {E15: Queen's Indian: 4 g3 sidelines, 4 g3 Ba6 and 4 g3 Bb7 early deviations} (9. Bc3 Bxc3 10. Nxc3 cxd4 11. Qxd4 Qe7 12. Rfd1 Rd8 13. e4 Nc6 14. Qd6 Ne8 15. Qxe7 Nxe7 16. Rd2 d6 17. Rad1 {0-1 (69) Fridman,D (2631)-Romanov,E (2608) Tallinn 2019}) 9... Nc6 $146 ({Predecessor:} 9... Be4 10. Qb2 Nc6 11. Bxb4 cxb4 12. Nbd2 d5 13. Rfd1 Rc8 14. a3 bxa3 15. Rxa3 a5 16. Raa1 Nb4 {0-1 (32) El Kher,H (2338)-Hansen,S (2499) Aarhus 1999}) 10. dxc5 bxc5 11. Be3 {White has an edge.} d6 12. Rd1 Qe7 13. Nc3 Bxc3 14. Qxc3 Rfd8 15. Bg5 h6 16. Bxf6 Qxf6 17. Qxf6 gxf6 18. Nd2 Kf8 19. Ne4 Ke7 20. Rd2 f5 21. Nc3 Rab8 22. e3 Ne5 23. Bxb7 Rxb7 24. Kg2 a6 25. Rad1 Rbd7 26. h3 Rg8 27. Ne2 (27. Rg1 {seems wilder.} Rdd8 28. Rb1 Rd7 29. Rdd1 Rdd8 30. Rbc1) 27... Ng6 28. Nf4 (28. f4 $14) 28... Nxf4+ $15 29. exf4 {[%mdl 4096] Endgame KRR-KRR} h5 30. Kf3 a5 31. Rd3 a4 32. Ke3 axb3 33. axb3 Ra8 34. f3 Rg8 (34... Ra2 $17 35. R1d2 Rxd2 36. Rxd2 Ra7) 35. Kf2 $11 Rb8 36. g4 fxg4 37. fxg4 hxg4 38. hxg4 {The position is equal.} Rb6 39. Re1 Ra7 40. f5 Ra2+ 41. Kf3 Rb2 42. Ree3 Kf6 43. fxe6 fxe6 44. Kf4 Rf2+ 45. Kg3 Rf1 46. Rf3+ Rxf3+ 47. Kxf3 {KR-KR} Ke7 48. Kf4 Rb8 49. g5 Rf8+ 50. Ke4 Rh8 {[#] Threatens to win with ...Rh4+.} 51. Rg3 Rh4+ 52. Ke3 Rh7 53. Ke4 Rf7 54. Rh3 Rg7 55. Rg3 Kd7 56. Rg1 Rg8 57. Rg3 Ke7 58. Rg2 Re8 59. Rf2 Rf8 60. Rh2 (60. Rd2 {is interesting.} Rg8 61. Rg2) 60... Rf7 61. Rh3 Rg7 62. Rg3 Rg6 63. Rg1 Kf7 64. Rf1+ Ke7 65. Rg1 Rg8 66. Rg2 Rb8 67. Rg3 Kf7 {Accuracy: White = 61%, Black = 71%.} 1/2-1/2

[Event "Moscow-ch Men 2019"]
[Site "Moscow"]
[Date "2019.03.31"]
[Round "2.20"]
[White "Tunik, Sergey"]
[Black "Zverev, Lev"]
[Result "1-0"]
[WhiteElo "2167"]
[BlackElo "1703"]
[Annotator "TA"]
[PlyCount "85"]
[EventDate "2019.03.30"]
[EventType "swiss"]
[EventCountry "RUS"]
[SourceTitle "playchess.com"]
[Source "ChessBase"]
[SourceQuality "1"]

{[%evp 16,85,0,0,0,0,3,47,171,178,176,171,144,153,152,153,167,93,233,58,64,13,24,-1,52,49,38,48,68,15,28,14,98,101,95,94,173,181,168,166,176,98,129,121,125,102,89,76,75,68,74,73,79,72,113,113,113,81,80,83,83,91,5161,5097,5110,5065,2022,1719,6099,6025,5310,2375]} 1. d4 d5 2. c4 e6 3. Nc3 c6 4. e4 dxe4 5. Nxe4 Bb4+ 6. Bd2 Qxd4 7. Bxb4 Qxe4+ 8. Be2 Na6 9. Ba5 {[%csl Ga5][%cal Rd1d8]} b6 {D31: Queen's Gambit Declined: Semi-Slav without ...Nf6 (+ Marshall Gambit and Noteboom) and Exchange Variation lines without ...Nf6} (9... f6 10. Qd8+ Kf7 11. O-O-O e5 12. Bd3 Qf4+ 13. Kb1 b6 14. Ne2 Qxf2 15. Ng3 Rb8 16. Rhf1 Bg4 17. Bg6+ hxg6 18. Rd7+ Ke6 19. Rd6+ Kf7 20. Rd7+ Ke6 {½-½ (20) Ortiz Suarez,I (2564)-Cordova,E (2627) Badalona 2016}) 10. Qd6 {Bc3 is the strong threat.} Bd7 ({Avoid the trap} 10... Ne7 $2 11. O-O-O $18) 11. Bc3 Ne7 (11... f6 $14) 12. O-O-O $18 Rd8 13. Bxg7 Nf5 14. Qe5 Qxe5 15. Bxe5 Rg8 16. Bf6 $146 ({White should play} 16. g4 $18 Ne7 17. h4) ({Predecessor:} 16. g4 Ne7 17. h4 {1-0 (51) Wichmann,C (2350)-Berzina,I (2297) Guben 2012}) 16... Ne7 {[#]} (16... Rxg2 $16 {is a better defense.} 17. Bxd8 Kxd8) 17. Bf3 $2 (17. Bh5 $1 $18) 17... Rg6 $14 18. Bc3 (18. Be5 $14) 18... c5 $11 19. Ne2 $132 {[%mdl 2048] Hoping for Nf4. White puts up resistance} Bc6 (19... Nb4 $11) 20. Nf4 $14 Rxd1+ 21. Bxd1 Rg8 22. Re1 (22. f3 $14) 22... Nb4 $1 $11 {[%cal Rb4a2]} 23. Kb1 Kd7 (23... Bxg2 $11 {remains equal.} 24. Bh5 Bb7) 24. a3 $16 Na6 25. g4 b5 (25... Kc8 $16 {was necessary.}) 26. Nh5 $18 {aiming for Nf6+.} Kc8 27. Nf6 Rd8 28. Kc1 (28. cxb5 $18 Bxb5 29. Nxh7) 28... b4 $16 29. Be5 h6 30. Bc2 Ng6 31. Bxg6 fxg6 32. Rd1 Rxd1+ 33. Kxd1 bxa3 34. bxa3 Nb8 {[#]} 35. Bxb8 $1 Kxb8 {[%mdl 4096] Endgame KB-KN} 36. Ke2 Kc7 37. Ke3 e5 38. h4 Bd7 $2 {[%mdl 8192]} (38... Ba4 $16) 39. Nxd7 $18 {White is clearly winning.} Kxd7 40. Ke4 Ke6 41. h5 g5 42. a4 {[%cal Ba3a4,Ba4a5][%mdl 32]} a6 43. a5 {Accuracy: White = 66%, Black = 36%.} 1-0

[Event "Moscow-ch Men 2019"]
[Site "Moscow"]
[Date "2019.03.31"]
[Round "2.21"]
[White "Makarenko, Aleksandr"]
[Black "Usov, Aleksandr E."]
[Result "0-1"]
[WhiteElo "2215"]
[BlackElo "1627"]
[Annotator "TA"]
[PlyCount "106"]
[EventDate "2019.03.30"]
[EventType "swiss"]
[EventCountry "RUS"]
[SourceTitle "playchess.com"]
[Source "ChessBase"]
[SourceQuality "1"]

{[%evp 18,106,9,2,13,8,31,28,35,31,39,26,24,21,27,27,27,0,4,5,14,0,0,0,45,32,38,35,107,1,8,16,56,56,153,58,62,0,0,-26,-26,-26,-23,0,0,0,38,-39,15,-72,11,-273,-85,-93,-85,-85,-85,-90,-89,-90,-91,-195,-136,-401,-396,-296,-262,-434,-447,-440,-436,-370,-329,-579,-159,-987,-908,-835,-832,-29992,-29992,-29992,-29993,-29993,-29994,-29994,-29995,-29995,-29996,-29996,-29997]} 1. e4 c6 2. d4 d5 3. exd5 cxd5 4. Bd3 Nc6 5. c3 Qc7 6. Ne2 Bg4 7. f3 Bh5 8. Bf4 Qd7 {B13: Caro-Kann: Exchange Variation and Panov-Botvinnik Attack} 9. O-O e6 (9... Bg6 10. Bg3 e6 11. Nf4 Bd6 12. Qe2 Nge7 13. Nd2 Qc7 14. Nxg6 hxg6 15. Bxd6 Qxd6 16. f4 {0-1 (65) Shkapenko,P (2425)-Turov,M (2594) Tallinn 2016}) 10. Nd2 {[%cal Bb1d2,Bd2b3,Bb3c5][%mdl 32] LiveBook: 6 Games} Bd6 {The position is equal.} 11. Nb3 Bxf4 $146 ({Predecessor:} 11... b6 12. Rc1 Nge7 13. Qe1 Bg6 14. Bxg6 hxg6 15. Bxd6 Qxd6 16. Qg3 Nf5 17. Qxd6 Nxd6 {½-½ (17) Werner,T (2049)-Joppien,A (2028) Altenholz 2009}) 12. Nxf4 Bg6 13. Nc5 (13. Bb5 {seems wilder.} Nge7 14. Qd2 a6 15. Be2 Qc7 16. Rae1) 13... Qc7 14. Qd2 Bxd3 15. Ncxd3 Nf6 16. Rae1 O-O 17. Ne2 Nd7 18. Ng3 Rfe8 19. f4 f5 20. Ne5 Ndxe5 21. fxe5 g6 22. Ne2 b5 (22... Qe7 $14) 23. b4 ({Better is} 23. g4 $16) 23... a5 $11 24. a3 a4 25. Nf4 Na7 (25... Qd7 $14) 26. Nd3 (26. Re3 $1 $16) 26... Nc8 $14 {[%cal Ba7c8,Bc8b6,Bb6c4][%mdl 32]} 27. Nc5 (27. g4 $14) 27... Nb6 $11 28. Rf3 Nc4 29. Qc1 Qe7 30. Rh3 Ra7 31. Rf1 Qd8 32. g4 (32. Rff3 $14) 32... Rg7 ({Black should try} 32... fxg4 $15 33. Rg3 Qh4) 33. Kh1 (33. Rg3 $11) 33... Qe7 ({Black should play} 33... fxg4 $17 34. Rg3 Qh4) 34. Rh6 $2 {[%mdl 8192]} (34. gxf5 $11 {and White stays safe.} exf5 35. Nd3) 34... Rf8 $2 (34... fxg4 $19 {has better winning chances.} 35. Rf4 Rf8 36. Rxg4 Nxa3 $1 {[%mdl 512]}) 35. gxf5 $17 Rxf5 36. Rxf5 exf5 37. Rh3 Rf7 38. e6 {[#]} Rf8 $1 39. Qh6 (39. Nd7 $17 Rd8 40. Nc5) 39... f4 (39... Nxa3 $19 40. Nd7 Re8) 40. Rf3 $2 {[%mdl 8192]} (40. Kg1 $17) 40... Nxa3 $19 41. Rxf4 Nc4 42. Nd7 $2 (42. Kg1 {was the only defense.}) 42... Rxf4 43. Qxf4 a3 {[%cal Ba4a3,Ba3a2][%mdl 32]} 44. Qb8+ Kg7 45. Qa8 $2 (45. h3 {keeps fighting.}) 45... h5 $2 (45... Qd6 $19 {White must now prevent ...Qf4.} 46. h3 Qf4) 46. Nc5 $2 (46. Ne5 $17) 46... Qf6 {[%cal Rf6f1]} 47. Qb7+ Kh6 {[%cal Rf6f1]} 48. Kg1 a2 {Black mates.} 49. Nb3 Qg5+ 50. Kf2 Qe3+ 51. Kg2 Qe2+ 52. Kg3 {[#]} h4+ $1 {[%mdl 512]} 53. Kxh4 Qf2+ {Precision: White = 28%, Black = 48%.} 0-1

[Event "Moscow-ch Men 2019"]
[Site "Moscow"]
[Date "2019.03.31"]
[Round "2.22"]
[White "Teiitbaev, Aktilek"]
[Black "Bezhenar, Georgy"]
[Result "0-1"]
[WhiteElo "2193"]
[BlackElo "1935"]
[Annotator "TA"]
[PlyCount "50"]
[EventDate "2019.03.30"]
[EventType "swiss"]
[EventCountry "RUS"]
[SourceTitle "playchess.com"]
[Source "ChessBase"]
[SourceQuality "1"]

{[%evp 19,50,-18,-35,-48,-54,-98,-94,-102,-79,-87,-28,-26,-22,-20,-8,-90,-92,-99,-120,-102,-87,-214,-211,-379,-392,-389,-377,-372,-370,-368,-372,-723,-704]} 1. e4 e6 2. d4 d5 3. e5 c5 4. c3 Nc6 5. Nf3 Qb6 6. Bd3 cxd4 7. cxd4 Bd7 8. O-O Nxd4 9. Nbd2 Nc6 {C02: French: Advance Variation} 10. Nb3 Nge7 {LiveBook: 21 Games} 11. Bf4 (11. Be3 Qd8 12. Nc5 Rb8 13. Rc1 Ng6 14. Bb5 Be7 15. Nxd7 Qxd7 16. Bxa7 Ra8 17. Be3 Rxa2 {1-0 (49) Topalov,V (2752)-Morozevich,A (2770) Astana 2012}) 11... Ng6 {Black is slightly better.} 12. Bg3 Nb4 $146 ({Predecessor:} 12... Be7 13. h4 Qb4 14. a3 Qg4 15. Be2 Nf4 16. Bxf4 Qxf4 17. g3 {1-0 (35) Maric,D (2310)-Stancic,L (1967) Belgrade 2007}) 13. Bb1 Bb5 14. Re1 Qa6 (14... Ba4 $17) 15. Re3 Rc8 16. a3 Nc6 $36 {[%mdl 2048] Black is pushing.} 17. Nbd2 (17. Bc2 $11) 17... Bc5 $17 18. Rc3 Bb6 19. b4 Be2 20. Qb3 (20. Qc1 $17 {might work better.}) 20... O-O $19 21. Bd3 $2 (21. Qb2 {was worth a try.}) 21... Bxd3 22. Rxd3 {[#] White wants to play b5.} Nxb4 $1 {[%mdl 512]} 23. Rc3 (23. axb4 Qxa1+) 23... Rxc3 24. Qxc3 Nd3 25. Rd1 $2 (25. Nb3) 25... Ngf4 {Precision: White = 29%, Black = 71%.} 0-1

[Event "Moscow-ch Men 2019"]
[Site "Moscow"]
[Date "2019.03.31"]
[Round "2.23"]
[White "Trusov, Mikhail"]
[Black "Tarasov, Danila"]
[Result "1-0"]
[WhiteElo "2143"]
[BlackElo "1934"]
[Annotator "TA"]
[PlyCount "66"]
[EventDate "2019.03.30"]
[EventType "swiss"]
[EventCountry "RUS"]

{[%evp 20,66,43,47,64,57,55,49,89,81,112,92,98,69,115,128,173,64,64,67,52,38,33,33,32,34,112,93,86,84,87,86,91,87,91,83,177,183,181,136,173,114,135,132,146,157,131,55,203]} 1. Nf3 c5 2. c4 Nc6 3. Nc3 g6 4. g3 Bg7 5. Bg2 d6 6. O-O e6 7. d3 Nge7 8. e4 O-O 9. Be3 a6 10. d4 cxd4 11. Nxd4 {LiveBook: 8 Games} Qc7 {A36: Symmetrical English vs ...g6: 4 Bg2 Bg7} (11... Bd7 12. Rc1 Rc8 13. b3 Qa5 14. Nde2 b5 15. cxb5 axb5 16. Qxd6 Rfd8 17. Qc5 Rb8 18. Rfd1 Bf8 19. Qg5 {1-0 (38) Miezis,N (2430)-Kantans,T (2541) Panevezys 2017}) 12. Rc1 {[%cal Ba1c1,Bc1c2,Bc2d2][%mdl 32]} Nxd4 13. Bxd4 Bh6 $146 ({Predecessor:} 13... Bxd4 14. Qxd4 Nc6 15. Qe3 Ne5 16. b3 Bd7 17. Rfd1 Rad8 18. Qd4 Be8 19. c5 {1-0 (53) Tjoelsen,K (1663)-Aandal,K (1951) Gausdal 2006}) 14. Bf6 Re8 15. b3 Bd7 16. Rc2 Rac8 17. Rd2 e5 18. Bxe7 (18. Rxd6 $18 Bg4 19. f3 (19. Qxg4 Qxd6 20. Bxe7 Qxe7 $11)) 18... Bxd2 $14 19. Nd5 Qa5 20. Nf6+ Kg7 21. Nxe8+ Rxe8 22. Bxd6 {And now a3 would win.} Qxa2 (22... Re6 $14 23. Bb8 Bc6) 23. Qe2 $36 {[%mdl 2048] Bb4! is the strong threat. White is really pushing.} Qa5 24. Rd1 Bc3 {[#]} 25. Bxe5+ $1 {[%mdl 512]} Bxe5 (25... Qxe5 26. Rxd7) 26. Rxd7 Qb6 27. Qf3 Rf8 (27... Bf6 $16) 28. Qd3 $18 Qc6 29. Bf1 b6 30. b4 ({Better is} 30. f4 $18 Bb2 31. e5) 30... a5 31. Rd5 Bc7 32. b5 Qf6 33. f4 ({White should play} 33. Rd7 $16 Bb8 34. c5) 33... Qb2 {Precision: White = 62%, Black = 39%.} ({Black should try} 33... Rd8 $14) 1-0

[Event "Moscow-ch Men 2019"]
[Site "Moscow"]
[Date "2019.03.31"]
[Round "2.24"]
[White "Zhuk, Kirill"]
[Black "Bogaudinov, Rushan"]
[Result "1-0"]
[WhiteElo "1974"]
[BlackElo "2096"]
[Annotator "NA RC"]
[PlyCount "195"]
[EventDate "2019.03.30"]
[EventType "swiss"]
[EventCountry "RUS"]
[SourceTitle "playchess.com"]
[Source "ChessBase"]
[SourceQuality "1"]
[TimeControl "5400+30"]

1. e4 c5 2. Nf3 d6 3. d4 cxd4 4. Nxd4 Nf6 5. f3 g6 6. c4 Bg7 7. Nc3 Nc6 8. Be3 O-O 9. Qd2 Re8 10. Be2 Bd7 11. O-O Ne5 12. Rac1 Rc8 13. b3 Qa5 14. Rfd1 h5 15. Qe1 a6 16. Nd5 Qxe1+ 17. Rxe1 Nxd5 18. cxd5 e6 19. dxe6 fxe6 20. h3 d5 21. f4 Nc6 22. e5 Bh6 23. Nxc6 Bxc6 24. g3 Red8 25. Red1 Bf8 26. Bd4 Ba3 27. Rc2 Bb5 28. Rxc8 Rxc8 29. Bxb5 axb5 30. Rd2 Bb4 31. Rf2 Be1 32. Rf3 Rc2 33. Kf1 Bb4 34. Rf2 Rc1+ 35. Ke2 Re1+ 36. Kf3 Rd1 37. Ke3 Rh1 38. Rc2 Rxh3 39. Rc8+ Kf7 40. Kf3 Be1 41. Rc7+ Ke8 42. Bc5 Rxg3+ 43. Ke2 Bc3 44. Re7+ Kd8 45. Rxe6 Rg4 46. Rd6+ Ke8 47. Rf6 d4 48. Kd3 b6 49. Bxd4 Bxd4 50. Kxd4 h4 51. Rxb6 h3 52. Rb8+ Ke7 53. Rh8 Rxf4+ 54. Ke3 Rf5 55. Rxh3 Rxe5+ 56. Kf4 Kf6 57. Rh8 g5+ 58. Kf3 Rc5 59. Kg4 Ke5 60. Kxg5 Kd4+ 61. Kf4 Kc3 62. Ke4 b4 63. Ra8 Rc7 64. Kd5 Rd7+ 65. Kc5 Rd2 66. Rh8 Rxa2 67. Rh3+ Kb2 68. Kxb4 Ra8 69. Rh2+ Kb1 70. Rh5 Kb2 71. Rh2+ Kb1 72. Rh5 Kb2 73. Rb5 Rc8 74. Rb6 Ka2 75. Ra6+ Kb2 76. Ka4 Rb8 77. b4 Kc3 78. Rc6+ Kd4 79. b5 Ra8+ 80. Kb4 Kd5 81. Rh6 Ra1 82. b6 Ra2 83. Kb5 Ra1 84. Rh2 Rb1+ 85. Ka6 Kc6 86. Rc2+ Kd7 87. Kb7 Rb3 88. Rd2+ Ke8 89. Ka7 Ra3+ 90. Kb8 Rb3 91. b7 Ke7 92. Rd4 Ra3 93. Rd5 Ke6 94. Rd2 Ra1 95. Rd4 Ra2 96. Kc7 Ke5 97. Rb4 Rc2+ 98. Kb6 1-0

[Event "Moscow-ch Men 2019"]
[Site "Moscow"]
[Date "2019.03.31"]
[Round "2.25"]
[White "Spichkin, Alexander"]
[Black "Anisimov, Yuri"]
[Result "1-0"]
[WhiteElo "2127"]
[BlackElo "1991"]
[Annotator "TA"]
[PlyCount "99"]
[EventDate "2019.03.30"]
[EventType "swiss"]
[EventCountry "RUS"]
[SourceTitle "playchess.com"]
[Source "ChessBase"]
[SourceQuality "1"]

{[%evp 14,99,25,17,48,18,88,57,63,71,72,52,63,43,47,59,57,-20,-29,-27,63,60,45,60,52,47,113,34,140,90,252,252,252,252,252,252,252,247,246,245,277,277,304,293,308,290,280,279,319,306,355,346,329,308,294,301,487,489,512,485,564,453,562,570,537,533,543,545,586,585,570,537,3073,2604,2291,2159,29991,29992,29992,29989,29994,29987,29987,29984,29982,29983,29984,29985]} 1. d4 Nf6 2. Bg5 c5 3. Nc3 cxd4 4. Qxd4 Nc6 5. Qh4 d6 6. O-O-O {A45: Trompowsky Attack} Be6 7. e4 Qa5 8. a3 {LiveBook: 5 Games. White has an edge.} O-O-O (8... h6 9. Bxf6 gxf6 10. f4 f5 11. Bb5 a6 12. Bxc6+ bxc6 13. exf5 Bxf5 14. Nf3 Rg8 15. Nd4 Bd7 16. Rhe1 {½-½ (16) Barbero Sendic,A (2407)-Asis Gargatagli,H (2529) Barcelona 2018}) 9. Nf3 $146 ({Predecessor:} 9. f4 Nxe4 10. Nxe4 f6 11. Nf3 d5 12. Nxf6 gxf6 13. Bxf6 Rg8 {1-0 (24) Varga,K (2183)-Novkovic,J (2053) Merlimont 2011}) 9... a6 (9... h6 $11 {remains equal.}) 10. Nd4 Nxd4 11. Rxd4 h6 12. Bxf6 gxf6 13. Nd5 $1 Kb8 14. Be2 f5 15. Nxe7 ({Better is} 15. Rhd1 $14) 15... fxe4 $11 {[#] Hoping for ...Re8.} 16. Rb4 $1 {Strongly threatening Nc6+.} (16. Rxe4 Re8 $17) 16... Bxe7 (16... Ka8 $1 $11 17. Bxa6 (17. Rxe4 Re8 $17) 17... Qxa6) 17. Qxe7 $14 {[%csl Gb4][%cal Re7b7]} Rd7 18. Qf6 Rc8 19. Rd1 Rdc7 (19... d5 $1 $14) 20. Rd2 (20. c3 $16) 20... Qc5 ({Black should try} 20... Qg5 $14 21. Qxg5 hxg5) 21. Bxa6 ({Of course not} 21. Rxe4 $6 Qf5 $11) 21... Ka7 $2 (21... Qg5 $16 22. Qxg5 hxg5) 22. Be2 $18 e3 23. fxe3 Qxe3 {[#] ( -> ...Rxc2+)} 24. Qd4+ Qxd4 25. Rbxd4 d5 26. Bf3 Re7 27. Bxd5 Bf5 {Threatens to win with ...Re1+.} 28. c3 Re1+ 29. Rd1 Re2 {and the idea ...Rc2+ leaves Black hopeful.} 30. R4d2 (30. Bxf7 $6 Rc2+ 31. Kb1 Rxg2+ 32. Ka1 Rxh2 $16) 30... Rxd2 31. Rxd2 {[%mdl 4096] Endgame KRB-KRB} ({But not} 31. Kxd2 Bg4 $18) 31... Re8 32. Rf2 ({Don't do} 32. Bxf7 Re1+ 33. Rd1 Re2 $18) 32... Bg6 33. Kd2 Rd8 34. c4 b5 $2 (34... Be4 35. Rxf7 Bxd5 36. cxd5 Rxd5+ 37. Kc3 Rc5+ 38. Kd3 Rd5+ 39. Ke2 Rc5) 35. Kc3 bxc4 36. Bxc4 Rd7 37. Rf6 Re7 38. a4 {[%cal Ba3a4,Ba4a5,Ba5a6,Ba6a7][%mdl 32]} Re3+ 39. Kb4 Re4 40. a5 h5 41. Rd6 Bf5 42. Kc5 Bg6 43. Rd7+ Kb8 44. a6 {Threatening mate with a7+.} Bf5 45. a7+ {White mates.} Kc8 46. Rxf7 {[%cal Ra7a8]} Re5+ 47. Kb6 {[%cal Ra7a8]} Be4 48. Rf8+ Kd7 49. Bb5+ Ke7 50. Re8+ {Precision: White = 76%, Black = 34%.} 1-0

[Event "Moscow-ch Men 2019"]
[Site "Moscow"]
[Date "2019.03.31"]
[Round "2.26"]
[White "Alekseev, Mikhail"]
[Black "Khudyakov, Stanislav"]
[Result "0-1"]
[WhiteElo "1885"]
[BlackElo "2106"]
[Annotator "TA"]
[PlyCount "46"]
[EventDate "2019.03.30"]
[EventType "swiss"]
[EventCountry "RUS"]
[SourceTitle "playchess.com"]
[Source "ChessBase"]
[SourceQuality "1"]

{[%evp 13,46,-11,7,0,0,-24,-17,-14,-16,-20,85,77,187,128,131,115,139,138,126,126,130,102,89,0,0,0,0,0,0,-221,-230,-264,-231,-368,-363]} 1. d4 Nf6 2. Nf3 d5 3. c4 c6 4. Nc3 dxc4 5. Ne5 b5 6. g3 e6 7. Bg2 Nd5 8. O-O {E04: Open Catalan: 5 Nf3} Bb7 9. e4 Nxc3 10. bxc3 {The position is equal.} Nd7 11. f4 Nf6 $146 (11... Be7 $11 {remains equal.}) ({Predecessor:} 11... Be7 12. Be3 O-O 13. Qc2 f6 14. Nf3 c5 15. Bh3 f5 16. exf5 exf5 17. Bxf5 {½-½ (44) Paunovic,D (2495)-Korneev,O (2671) Seville 2006}) 12. f5 $16 Be7 (12... exf5 $16 {was necessary.} 13. exf5 Qc7) 13. fxe6 (13. Nxf7 $18 Kxf7 14. e5 exf5 15. exf6 Bxf6 16. Rxf5) 13... fxe6 14. Bh3 O-O 15. Bxe6+ Kh8 {[#]} 16. Nf7+ $1 Rxf7 17. Bxf7 Nxe4 18. Qe1 (18. Qf3 $16 c5 19. d5) 18... c5 $11 19. d5 $1 Bxd5 20. Bxd5 Qxd5 $40 {[%mdl 128] Black has some attack.} 21. Be3 $2 {[#]} (21. Rf4 $11 {and White has nothing to worry.} Ng5 22. Qf1) 21... Bf6 $1 $19 22. Rd1 Qc6 23. Bd2 (23. a4 $142 bxa4 24. Rc1) 23... Re8 {Accuracy: White = 57%, Black = 59%.} 0-1

[Event "Moscow-ch Men 2019"]
[Site "Moscow"]
[Date "2019.03.31"]
[Round "2.27"]
[White "Israfilov, Ali"]
[Black "Anfinogenov, Artem"]
[Result "1/2-1/2"]
[WhiteElo "1835"]
[BlackElo "2091"]
[Annotator "NA RC"]
[PlyCount "105"]
[EventDate "2019.03.30"]
[EventType "swiss"]
[EventCountry "RUS"]
[SourceTitle "playchess.com"]
[Source "ChessBase"]
[SourceQuality "1"]
[TimeControl "5400+30"]

1. e4 e5 2. Nf3 Nc6 3. Bb5 Nf6 4. O-O Nxe4 5. d4 Nd6 6. Bxc6 dxc6 7. dxe5 Nf5 8. Qxd8+ Kxd8 9. Rd1+ Ke8 10. Nc3 h6 11. h4 Be7 12. g3 Be6 13. Kg2 Rd8 14. Bf4 Rg8 15. h5 Bb4 16. g4 Ne7 17. Kg3 Bxc3 18. bxc3 g6 19. Rxd8+ Kxd8 20. hxg6 Rxg6 21. g5 Nf5+ 22. Kh2 Bd5 23. gxh6 Nxh6 24. Ng5 Ng4+ 25. Kg3 Nxe5 26. Bxe5 Rxg5+ 27. Kf4 Rg2 28. Ke3 Rg4 29. Bf4 Kd7 30. a3 Rg6 31. Re1 c5 32. Rd1 Re6+ 33. Kd2 Re4 34. Be3 Kc6 35. Kc1 Rg4 36. Kb2 a5 37. Re1 Bf3 38. Bh6 Be4 39. Rd1 Bd5 40. Re1 Rg6 41. Bf4 Rf6 42. Bg3 Be6 43. Rd1 b6 44. Rd8 Kb5 45. Rd2 c6 46. Rd6 Rf3 47. Rd8 Kc4 48. Rh8 Bg4 49. Re8 Be6 50. Rh8 Kb5 51. Rd8 Bd5 52. Rh8 Rf6 53. Re8 1/2-1/2

[Event "Moscow-ch Men 2019"]
[Site "Moscow"]
[Date "2019.03.31"]
[Round "2.28"]
[White "Brygov, Igor"]
[Black "Lupolov, Boris"]
[Result "0-1"]
[WhiteElo "2052"]
[BlackElo "1907"]
[Annotator "NA RC"]
[PlyCount "88"]
[EventDate "2019.03.30"]
[EventType "swiss"]
[EventCountry "RUS"]
[SourceTitle "playchess.com"]
[Source "ChessBase"]
[SourceQuality "1"]
[TimeControl "5400+30"]

1. Nf3 Nf6 2. c4 e6 3. g3 b6 4. Bg2 Bb7 5. O-O Be7 6. d4 O-O 7. Nc3 Ne4 8. d5 Nxc3 9. bxc3 Bf6 10. e4 Bxc3 11. Rb1 exd5 12. exd5 d6 13. Nd4 Ba6 14. Qd3 Bxd4 15. Qxd4 Nd7 16. Bb2 f6 17. f4 Re8 18. Bh3 Nc5 19. Bf5 Bc8 20. Bc2 Re2 21. Rf2 Rxc2 22. Rxc2 Bf5 23. Rcc1 Bxb1 24. Rxb1 Qe7 25. Bc3 Qe4 26. Re1 Qxd4+ 27. Bxd4 Nd7 28. Re7 Rd8 29. g4 Kf8 30. Re6 Re8 31. Kf2 Kf7 32. f5 Nf8 33. Rxe8 Kxe8 34. h4 Nd7 35. g5 Ne5 36. Kg3 Ke7 37. c5 dxc5 38. Bxe5 fxe5 39. Kf3 c4 40. Ke4 b5 41. h5 c3 42. Kd3 b4 43. f6+ gxf6 44. g6 hxg6 0-1